| Поле | Название | Значение |
| |
Тип записи |
a |
| |
Библиографический уровень |
m |
| 001 |
Контрольный номер |
LIBNET\0000797059 |
| 005 |
Дата корректировки |
20191007094119.0 |
| 010 |
Индекс ISBN |
__ |
| a |
ISBN |
978-5-4461-0347-8 |
| 9 |
Тираж |
3000 |
| d |
Цена |
326-20 |
| 100 |
Данные общей обработки |
__ |
| a |
Данные общей обработки |
20170725d2017####u##y0rusy0189 ca |
| 101 |
Язык документа |
0_ |
| a |
Язык текста |
rus |
| 102 |
Страна публикации |
__ |
| a |
Страна публикации |
RU |
| 105 |
Кодированные данные (монография) |
__ |
| a |
Кодированные данные (монография) |
a###z###000|y |
| 200 |
Заглавие и сведения об ответственности |
1_ |
| a |
Заглавие |
Позитивное воспитание. Как понять своего ребенка |
| f |
Первые сведения об ответственности |
Ольга Маховская |
| 210 |
Выходные данные |
1_ |
| a |
Место издания |
Санкт-Петербург [и др.] |
| c |
Издательство |
Питер |
| d |
Дата издания |
2017 |
| 215 |
Физическое описание |
__ |
| a |
Объем |
220 с. |
| c |
Иллюстрации/тип воспроизводства |
ил., табл. |
| d |
Формат |
21 |
| 225 |
Серия (Журнальная рубрика) |
1_ |
| a |
Серия (Журнальная рубрика) |
Родителям о детях |
| 330 |
Аннотация |
__ |
| a |
Аннотация |
Что важнее - счастье и благополучие детей, или счастье и благополучие их родителей? Часто декларируя одно, мы выбираем другое. Объявляем о своей готовности жертвовать ради ребенка всем, а потом растим жертву своих собственных фантазий. В книге известный психолог Ольга Маховская предлагает читателям включиться в позитивную программу развития. Думаете, речь идет о развитии ребенка под вашим руководством? Как бы ни так, запускаем позитивную программу развития родителя! |
| 333 |
Примечание о целевом назначении |
__ |
| a |
Примечание о целевом назначении |
12+ |
| 517 |
Другие варианты заглавия |
1_ |
| a |
Другие варианты заглавия |
Как понять своего ребенка |
| 606 |
Тематические рубрики |
1_ |
| 2 |
Код системы |
nlr_sh |
| 3 |
Контрольный № нормативной записи |
RU\NLR\AUTH\661570158 |
| a |
Основная рубрика |
Образование. Педагогика |
| 606 |
Тематические рубрики |
1_ |
| 2 |
Код системы |
nlr_sh |
| 3 |
Контрольный № нормативной записи |
RU\NLR\AUTH\661270599 |
| a |
Основная рубрика |
Семейное воспитание и образование |
| 606 |
Тематические рубрики |
__ |
| a |
Основная рубрика |
Психология |
| 606 |
Тематические рубрики |
__ |
| a |
Основная рубрика |
Педагогическая психология |
| 610 |
Ключевые слова |
0_ |
| a |
Ключевые слова |
воспитание детей |
| a |
Ключевые слова |
психология воспитания |
| a |
Ключевые слова |
семейное воспитание |
| a |
Ключевые слова |
дети и родители |
| a |
Ключевые слова |
детская психология |
| a |
Ключевые слова |
родительское поведение |
| a |
Ключевые слова |
позитивное воспитание |
| 686 |
Индексы других классификаций |
__ |
| a |
Индекс ББК |
74.90 |
| v |
Номер издания |
LBC/M |
| 2 |
Код системы |
rubbk |
| 686 |
Индексы других классификаций |
__ |
| a |
Индекс ББК |
88.6 |
| 700 |
Автор |
_1 |
| a |
Фамилия |
Маховская |
| b |
Имя |
О. И. |
| g |
Полное личное имя |
Ольга Ивановна |
| 801 |
Источник записи |
_0 |
| a |
Страна |
RU |
| b |
Организация |
Тюменская ОНБ |
| c |
Дата составления |
20170725 |
| g |
Правила каталогизации |
rcr |
| 801 |
Источник записи |
_1 |
| a |
Страна |
RU |
| b |
Организация |
Тюменская ОНБ |
| c |
Дата составления |
20170725 |
| 2 |
Код формата |
rusmarc |
| 801 |
Источник записи |
_1 |
| a |
Страна |
RU |
| b |
Организация |
Центральная районная библиотека им. Г. А. Пирожникова |
| 830 |
Общее примечание каталогизатора |
__ |
| a |
Текст примечания |
383 |
| 852 |
Данные о местонахождении |
__ |
| j |
Шифр хранения |
74.90 |
| i |
Авторский знак |
М 365 |
| 901 |
Тип документа |
__ |
| t |
Тип документа |
m |
| 902 |
Роль лиц |
__ |
| b |
Редактор БЗ |
ОКиО/Шумских |